Đang tải...
William Golding: a study
| Tác giả chính: | |
|---|---|
| Định dạng: | Printed Book |
| Được phát hành: |
New Delhi, Sterling Publishers
1987
|
| Những chủ đề: |
| LEADER | 005610000a22001930004500 | ||
|---|---|---|---|
| 020 | |a 81-207-0217-4 | ||
| 082 | |a 823 GOL 09 M7 | ||
| 100 | |a Subbarao, V V | ||
| 245 | |a William Golding: a study | ||
| 260 | |a New Delhi, Sterling Publishers | ||
| 260 | |c 1987 | ||
| 465 | |a R 125 | ||
| 650 | |a Criticism | ||
| 650 | |a English | ||
| 650 | |a Interpretation | ||
| 650 | |a Novel | ||
| 942 | |c BK | ||
| 999 | |c 8804 |d 8804 | ||
| 952 | |0 0 |1 0 |4 0 |6 823_GOL_090000000000000_M7 |7 0 |8 ENG |9 8598 |a MGUL |b MGUL |d 2013-07-16 |e R 125 |l 6 |m 1 |o 823 GOL 09 M7 |p 06731 |r 2019-11-11 |s 2019-09-28 |w 2013-07-16 |y BK | ||